000 00470nam a22001697a 4500
999 _c6362
_d6362
003 GBCCL
005 20241126110601.0
008 180510b ||||| |||| 00| 0 eng d
040 _cgbc
082 _a234.163
_bWYO
100 _aWyon, Olive
_d1881 - 1966
_911394
245 _aThe alter fire
_bReflections on the sacrament of the Eucharist /
_cOlive Wyon
260 _aLondon:
_bSCM,
_c1954
300 _a126 p.;
_c18 cm.
650 _aLord's supper
_92158
942 _2ddc
_cBK